01187 a2200229 4500003000500000005001700005010001600022020001500038040000900053082001200062100002300074245011000097250001200207260003100219300003300250500000600283505059400289650002200883650001300905650001700918700002200935Nust20221007174358.0 a 87034604 a0471637572 cNust00a697,MCQ1 aMcQuiston, Faye C.10aHeating, ventilating, and air conditioning :banalysis and design /cFaye C. McQuiston, Jerald D. Parker. a3rd ed. aNew York :bWiley,cc1988. axx, 746 p. :bill. ;c24 cm. a. aIntroduction (Page-1), Air-Conditioning Systems (Page-12), Moist Air Properties and Conditioning Processes (Page-50), Comfort and Health (Page-97), Heat Transmission in Building Structure (Page-131), Solar Radiation (Page-177)Space Heat Load (Page-206), The Cooling Load (Page-245), Fluid Flow, Pumps, and Piping Design (Page-330), Room Air Distribution (Page-390), Fans and Building Air Distribution (Page-423).Mass Transfer and the Measurement of Humidity (Page-511). Direct Contact Heat and Mass Tranfer (Page-529), Extended Surface Heat Exchangers (Page-548), Refrigeration (Page-608). 0aAir conditioning. 0aHeating. 0aVentilation.1 aParker, Jerald D.